Vista normal Vista MARC

Entrada Topical Term

Número de registros utilizados en: 1

001 - CONTROL NUMBER

  • control field: 40031

003 - CONTROL NUMBER IDENTIFIER

  • control field: OSt

005 - DATE AND TIME OF LATEST TRANSACTION

  • control field: 20210906145416.0

008 - FIXED-LENGTH DATA ELEMENTS

  • fixed length control field: 210906|| aca||aabn | a|a d

040 ## - CATALOGING SOURCE

  • Original cataloging agency: OSt
  • Transcribing agency: OSt

150 ## - HEADING--TOPICAL TERM

  • Topical term or geographic name entry element: Desarrollo económico

670 ## - SOURCE DATA FOUND

  • Source citation: Work cat.: (OSt)8501: Jaramillo, Fernando, 17455 autor, La introducción de nuevos bienes, distribución del ingreso y crecimiento /, 1999